| 000 | 00556 a2200181 4500 | ||
|---|---|---|---|
| 001 | 77115 | ||
| 020 | _a9780763779948 | ||
| 082 | _a620.00151 ZIL | ||
| 090 |
_c39314 _d39314 |
||
| 100 | _aDennis G Zill :Warren S Wright : Michaal R Cullen | ||
| 245 |
_aAdvance Engineering Mathematics 4th/ED _cDennis G Zill :Warren S Wright : Michaal R Cullen _hEnglish |
||
| 250 | _a4 th | ||
| 260 |
_aBoston _bJones and Bartlett _c2010 |
||
| 300 |
_axxxvii 962 p _eCD |
||
| 500 | _aDOS BS Reference Books | ||
| 505 | _aGifted Books | ||
| 600 | _aMathematics | ||
| 942 |
_acaenust _k620.00151 ZIL _cBS |
||
| 999 |
_c312188 _d312188 |
||